Normal view
MARC view
Entry Personal Name
001 - CONTROL NUMBER
- control field: 723473
003 - CONTROL NUMBER IDENTIFIER
- control field: OSt
005 - DATE AND TIME OF LATEST TRANSACTION
- control field: 20240920103634.0
008 - FIXED-LENGTH DATA ELEMENTS
- fixed length control field: 240920|| aca||aabn | a|a d
040 ## - CATALOGING SOURCE
- Original cataloging agency: OSt
- Transcribing agency: OSt
100 ## - HEADING--PERSONAL NAME
- Personal name: Ghosh Ranjusri Au
670 ## - SOURCE DATA FOUND
- Source citation: Work cat.: (OSt)1217050: Ghosh Ranjusri Au., Early north Bengal: from pundravardhana to Varendra c.400 BCE-1150 CE, 2023
